[Event "XI Torneo Internazionale"]
[Site "Montecatini Terme ITA"]
[Date "2004.11.11"]
[Round "8"]
[White "Castaldo, Folco"]
[Black "Sozzi, Stefano"]
[Result "1-0"]
[WhiteElo "2361"]
[BlackElo "1521"]
[PlyCount "53"]
[EventDate "2004.11.06"]

1. e4 e5 2. Bc4 Nf6 3. d3 Bc5 4. Nc3 Nc6 5. a3 a6 6. h3 d6 7. Nge2 O-O 8. Bg5
Be6 9. Qd2 Nd4 10. Ng3 Bxc4 11. dxc4 Ne6 12. Be3 Bxe3 13. fxe3 g6 14. O-O Ng7
15. Rf3 Nfh5 16. Nxh5 Nxh5 17. g4 Qg5 18. Qg2 Ng7 19. Nd5 Ne8 20. Raf1 Rd8 21.
Qg3 h5 22. gxh5 Qxg3+ 23. Rxg3 Kg7 24. Ne7 Nf6 25. h6+ Kxh6 26. Rxf6 c6 27.
Nf5+ 1-0

[Event "XI Torneo Internazionale"]
[Site "Montecatini Terme ITA"]
[Date "2004.11.11"]
[Round "8"]
[White "Di Caro, Calogero"]
[Black "Kaps, Darja"]
[Result "1-0"]
[WhiteElo "2317"]
[BlackElo "2236"]
[PlyCount "80"]
[EventDate "2004.11.06"]

1. Nf3 d5 2. d4 Bf5 3. c4 e6 4. Nc3 Nc6 5. Bf4 Nf6 6. e3 Bb4 7. Nd2 O-O 8. Be2
dxc4 9. Bxc4 Nd5 10. Nxd5 exd5 11. Be2 Re8 12. O-O Bd6 13. Bxd6 Qxd6 14. Rc1
Re6 15. Bf3 Rh6 16. g3 Bd3 17. Re1 Rd8 18. Nb3 Be4 19. Bxe4 dxe4 20. Qg4 Re8
21. Nc5 Qd5 22. Nxb7 Rg6 23. Qf4 Nb4 24. Nc5 Qh5 25. Qxc7 Qh3 26. Qb7 Nxa2 27.
Ra1 Rh6 28. Rxa2 Qxh2+ 29. Kf1 Rf6 30. Nxe4 Qh1+ 31. Ke2 Qf3+ 32. Kd3 Rfe6 33.
Nd6 Qxf2 34. Re2 Rxe3+ 35. Rxe3 Rxe3+ 36. Kc4 Qf1+ 37. Kc5 Qc1+ 38. Nc4 Re8 39.
Rxa7 Qg5+ 40. d5 Qf5 1-0

[Event "XI Torneo Internazionale"]
[Site "Montecatini Terme ITA"]
[Date "2004.11.11"]
[Round "8"]
[White "Djuric, Stefan"]
[Black "Sciortino, Massimo"]
[Result "1-0"]
[WhiteElo "2479"]
[BlackElo "2222"]
[PlyCount "90"]
[EventDate "2004.11.06"]

1. c4 e5 2. g3 d6 3. Nc3 f5 4. d4 Be7 5. Bg2 Nf6 6. Nf3 e4 7. Ng5 h6 8. Nh3 g5
9. f3 c6 10. d5 Qb6 11. Nf2 e3 12. Nd3 Qd4 13. f4 Ng4 14. O-O Bf6 15. h3 Nf2
16. Nxf2 exf2+ 17. Rxf2 Qxc4 18. Be3 c5 19. Qd2 Rg8 20. Rc1 Qa6 21. b4 b6 22.
fxg5 hxg5 23. Ne4 Be5 24. Nxg5 Bxg3 25. Rf3 Be5 26. Bf4 Bd4+ 27. Kh2 Qb7 28.
Ne6 Bxe6 29. dxe6 Rxg2+ 30. Kxg2 Nc6 31. Kh2 O-O-O 32. Rg3 Be5 33. Qe3 Nxb4 34.
Bxe5 Nd5 35. Qg5 dxe5 36. Qxd8+ Kxd8 37. Rg8+ Kc7 38. Rg7+ Kc6 39. Rxb7 Kxb7
40. Rd1 Nf6 41. e7 c4 42. h4 b5 43. h5 c3 44. h6 c2 45. Rc1 Kc7 1-0

[Event "XI Torneo Internazionale"]
[Site "Montecatini Terme ITA"]
[Date "2004.11.11"]
[Round "8"]
[White "Mrdja, Milan"]
[Black "Tocchioni, Doriano"]
[Result "1-0"]
[WhiteElo "2420"]
[BlackElo "2274"]
[PlyCount "91"]
[EventDate "2004.11.06"]

1. e4 c5 2. Nf3 Nc6 3. Bb5 e6 4. Bxc6 bxc6 5. Qe2 f6 6. e5 fxe5 7. Nxe5 Nf6 8.
d3 d6 9. Nc4 Be7 10. f4 O-O 11. O-O Nd5 12. Bd2 Bf6 13. Nc3 Nb6 14. Ne3 Bd4 15.
Kh1 Nd5 16. Nc4 Ne7 17. Nd1 Nf5 18. c3 Bf6 19. Nf2 Rb8 20. b3 Rb7 21. Rae1 Bh4
22. Qf3 Rbf7 23. g3 Be7 24. Kg1 Qc7 25. Qe2 Rf6 26. Ne3 Rg6 27. Ng2 Bd8 28. Qd1
Qa5 29. Qc2 Qa6 30. Re4 d5 31. Re2 Bb6 32. Rfe1 Bd7 33. Re5 Bc7 34. R5e2 Bd8
35. Nd1 h5 36. Nde3 h4 37. Nxf5 exf5 38. Kf2 hxg3+ 39. hxg3 d4 40. c4 Bf6 41.
b4 Rb8 42. bxc5 Qa3 43. Rb1 Rxb1 44. Qxb1 Qxc5 45. Qb8+ Kh7 46. Qc7 1-0

[Event "XI Torneo Internazionale"]
[Site "Montecatini Terme ITA"]
[Date "2004.11.11"]
[Round "8"]
[White "Naumkin, Igor"]
[Black "Miladinovic, Igor"]
[Result "0-1"]
[WhiteElo "2479"]
[BlackElo "2611"]
[PlyCount "50"]
[EventDate "2004.11.06"]

1. d4 Nf6 2. c4 c5 3. d5 e5 4. Nc3 d6 5. e4 Be7 6. Nf3 Nbd7 7. Bd3 Nf8 8. O-O
Ng6 9. g3 a6 10. Be3 Bh3 11. Re1 Ng4 12. Qa4+ Kf8 13. Bd2 h5 14. b4 Qc8 15.
Rab1 h4 16. bxc5 Qxc5 17. Nd1 Nxh2 18. Nxh2 hxg3 19. Nf3 Bg4 20. Be2 gxf2+ 21.
Nxf2 Rh3 22. Kg2 Bxf3+ 23. Bxf3 Rh2+ 24. Kxh2 Qxf2+ 25. Bg2 Nh4 0-1

[Event "XI Torneo Internazionale"]
[Site "Montecatini Terme ITA"]
[Date "2004.11.12"]
[Round "9"]
[White "De Santis, Alessio"]
[Black "Djuric, Stefan"]
[Result "1/2-1/2"]
[WhiteElo "2268"]
[BlackElo "2479"]
[PlyCount "45"]
[EventDate "2004.11.06"]

1. d4 d5 2. c4 e6 3. Nc3 c6 4. e3 Nf6 5. Nf3 Nbd7 6. Bd3 Bd6 7. e4 dxe4 8. Nxe4
Bb4+ 9. Bd2 Bxd2+ 10. Qxd2 O-O 11. O-O-O Nxe4 12. Bxe4 Qc7 13. Bc2 c5 14. Qd3
g6 15. h4 cxd4 16. h5 Qf4+ 17. Kb1 Nc5 18. Qxd4 Qxd4 19. Rxd4 Nd7 20. Rdh4 Kg7
21. hxg6 hxg6 22. Ng5 Nf6 23. Ne4 1/2-1/2

[Event "XI Torneo Internazionale"]
[Site "Montecatini Terme ITA"]
[Date "2004.11.12"]
[Round "9"]
[White "Kaps, Darja"]
[Black "Mrdja, Milan"]
[Result "1-0"]
[WhiteElo "2236"]
[BlackElo "2420"]
[PlyCount "71"]
[EventDate "2004.11.06"]

1. e4 e5 2. Nf3 d6 3. Bc4 Nc6 4. O-O g6 5. c3 Bg7 6. d4 Nge7 7. dxe5 dxe5 8.
Qe2 O-O 9. b4 Qe8 10. Na3 Bd7 11. Rd1 Nd8 12. Nb5 Bxb5 13. Bxb5 c6 14. Bc4 Nc8
15. b5 Qe7 16. a4 Re8 17. Ba3 Qc7 18. bxc6 bxc6 19. Ng5 Nb6 20. Rxd8 Rexd8 21.
Bxf7+ Kh8 22. Be6 h6 23. Nf7+ Kh7 24. a5 Nd7 25. Bd6 Qb7 26. a6 Qb6 27. Nxd8
Rxd8 28. Bb4 Qc7 29. h4 c5 30. Ba5 Nb6 31. h5 g5 32. Rd1 Kh8 33. Qf3 Rf8 34.
Qd3 Qc6 35. Bf5 c4 36. Qd6 1-0

[Event "XI Torneo Internazionale"]
[Site "Montecatini Terme ITA"]
[Date "2004.11.12"]
[Round "9"]
[White "Miladinovic, Igor"]
[Black "Castaldo, Folco"]
[Result "1-0"]
[WhiteElo "2611"]
[BlackElo "2361"]
[PlyCount "85"]
[EventDate "2004.11.06"]

1. d4 d6 2. e4 Nf6 3. Nc3 g6 4. Be3 c6 5. Qd2 b5 6. f3 Nbd7 7. Nge2 Bb7 8. g4
Nb6 9. b3 h5 10. gxh5 Nxh5 11. a4 b4 12. Nd1 a5 13. Nf2 Bg7 14. Rc1 Nd7 15. c3
bxc3 16. Nxc3 Ba6 17. Bxa6 Rxa6 18. d5 c5 19. f4 Rf8 20. Rg1 Bxc3 21. Rxc3 Rb6
22. Qd3 Rb4 23. Rc4 Qb6 24. Rxb4 Qxb4+ 25. Bd2 Qa3 26. Qa6 e5 27. dxe6 fxe6 28.
Qxd6 Qxb3 29. Rxg6 Nhf6 30. Rg7 Rf7 31. Rxf7 Kxf7 32. e5 Qd5 33. Bxa5 Qxd6 34.
exd6 Ne8 35. Bc7 Nxc7 36. dxc7 Nb6 37. Ne4 Ke7 38. h4 Kd7 39. Nxc5+ Kxc7 40. h5
Nd5 41. Nxe6+ Kd6 42. h6 Nf6 43. Ng5 1-0

[Event "XI Torneo Internazionale"]
[Site "Montecatini Terme ITA"]
[Date "2004.11.12"]
[Round "9"]
[White "Sciortino, Massimo"]
[Black "Di Caro, Calogero"]
[Result "0-1"]
[WhiteElo "2222"]
[BlackElo "2317"]
[PlyCount "40"]
[EventDate "2004.11.06"]

1. d4 e6 2. c4 b6 3. Nc3 Bb7 4. e4 Bb4 5. Qc2 Qh4 6. Bd3 f5 7. d5 fxe4 8. Bxe4
Nf6 9. Bd3 O-O 10. Nf3 Qh5 11. O-O exd5 12. cxd5 Bxc3 13. Qxc3 Nxd5 14. Bc4 Kh8
15. Bxd5 Bxd5 16. Ne1 c5 17. b3 Nc6 18. Bb2 Nd4 19. Kh1 Qe2 20. Nd3 Bxg2+ 0-1

[Event "XI Torneo Internazionale"]
[Site "Montecatini Terme ITA"]
[Date "2004.11.12"]
[Round "9"]
[White "Sozzi, Stefano"]
[Black "Bontempi, Piero"]
[Result "0-1"]
[WhiteElo "1521"]
[BlackElo "2334"]
[PlyCount "54"]
[EventDate "2004.11.06"]

1. e4 c5 2. Nf3 d6 3. d4 cxd4 4. Qxd4 Nc6 5. Bb5 Bd7 6. Bxc6 bxc6 7. Nc3 e5 8.
Qd3 Be7 9. h4 h6 10. Be3 Nf6 11. Nh2 Rb8 12. b3 d5 13. exd5 cxd5 14. Bc1 Bc6
15. f3 d4 16. Ne2 Nd5 17. Ng4 Nb4 18. Qd1 e4 19. Nxd4 Qxd4 20. c3 Bxh4+ 21.
Rxh4 Qg1+ 22. Ke2 exf3+ 23. gxf3 Bxf3+ 24. Kxf3 Qxd1+ 25. Kf2 Nd3+ 26. Kg2 Nxc1
27. Rh1 Qxg4+ 0-1

[Event "XI Torneo Internazionale"]
[Site "Montecatini Terme ITA"]
[Date "2004.11.13"]
[Round "10"]
[White "Bontempi, Piero"]
[Black "Miladinovic, Igor"]
[Result "0-1"]
[WhiteElo "2334"]
[BlackElo "2611"]
[PlyCount "59"]
[EventDate "2004.11.06"]

1. e4 c5 2. c3 d5 3. exd5 Qxd5 4. d4 e5 5. dxe5 Qxd1+ 6. Kxd1 Nc6 7. f4 Bg4+ 8.
Nf3 O-O-O+ 9. Ke1 f6 10. Bb5 Nge7 11. Nbd2 a6 12. Bxc6 Nxc6 13. Kf2 fxe5 14.
fxe5 Be7 15. Re1 Rhf8 16. Kg3 Bh5 17. Re3 Rf5 18. b3 b5 19. Kh3 Bxf3 20. Nxf3
h5 21. Bb2 g5 22. g4 Rf4 23. Rg1 Rdf8 24. Nd2 c4 25. b4 hxg4+ 26. Rxg4 Rf2 27.
Bc1 Rh8+ 28. Kg3 Rhxh2 29. Ne4 Rfg2+ 30. Kf3 0-1

[Event "XI Torneo Internazionale"]
[Site "Montecatini Terme ITA"]
[Date "2004.11.13"]
[Round "10"]
[White "Castaldo, Folco"]
[Black "Tocchioni, Doriano"]
[Result "1/2-1/2"]
[WhiteElo "2361"]
[BlackElo "2274"]
[PlyCount "66"]
[EventDate "2004.11.06"]

1. e4 c5 2. Nf3 d6 3. d4 cxd4 4. Nxd4 a6 5. c4 Nf6 6. Nc3 e6 7. Be2 Be7 8. O-O
O-O 9. Be3 Nbd7 10. Qd2 Qc7 11. Rac1 b6 12. Rfd1 Bb7 13. f3 Rfe8 14. Bf1 Rad8
15. Qf2 Bf8 16. a3 Qb8 17. b4 Qa8 18. Nb3 d5 19. exd5 exd5 20. c5 bxc5 21. Nxc5
Nxc5 22. Bxc5 Bxc5 23. Qxc5 Nd7 24. Qd4 Ne5 25. Re1 Nc6 26. Rxe8+ Rxe8 27. Qf2
d4 28. Ne4 Qd8 29. Rd1 Bc8 30. b5 axb5 31. Bxb5 Bd7 32. Bxc6 Bxc6 33. Qxd4 Qa8
1/2-1/2

[Event "XI Torneo Internazionale"]
[Site "Montecatini Terme ITA"]
[Date "2004.11.13"]
[Round "10"]
[White "De Santis, Alessio"]
[Black "Sozzi, Stefano"]
[Result "1/2-1/2"]
[WhiteElo "2268"]
[BlackElo "1521"]
[PlyCount "21"]
[EventDate "2004.11.06"]

1. d4 Nf6 2. c4 g6 3. Nc3 Bg7 4. e4 d6 5. Be2 O-O 6. Bg5 Nbd7 7. h4 h5 8. f3
Nh7 9. Be3 e5 10. d5 a5 11. Nh3 1/2-1/2

[Event "XI Torneo Internazionale"]
[Site "Montecatini Terme ITA"]
[Date "2004.11.13"]
[Round "10"]
[White "Djuric, Stefan"]
[Black "Di Caro, Calogero"]
[Result "1-0"]
[WhiteElo "2479"]
[BlackElo "2317"]
[PlyCount "69"]
[EventDate "2004.11.06"]

1. Nf3 d6 2. e4 Nf6 3. Nc3 g6 4. d4 Bg7 5. Be2 O-O 6. O-O Bg4 7. h3 Bxf3 8.
Bxf3 Nc6 9. d5 Ne5 10. Be2 c6 11. Re1 Qc7 12. a4 Rfc8 13. a5 a6 14. Bf1 b5 15.
axb6 Qxb6 16. Ra2 Ne8 17. Be3 Qb7 18. Qd2 Nc7 19. Bg5 Kf8 20. Kh1 Nb5 21. dxc6
Qxc6 22. Nd5 Re8 23. Bxb5 Qxb5 24. Nc7 Qc4 25. Nxe8 Qxa2 26. Nxg7 Kxg7 27. Bh6+
Kg8 28. f4 Nd7 29. Qc3 Nf6 30. e5 dxe5 31. fxe5 Nd5 32. Qc6 Rb8 33. Rd1 e6 34.
c4 Qb3 35. Rxd5 1-0

[Event "XI Torneo Internazionale"]
[Site "Montecatini Terme ITA"]
[Date "2004.11.13"]
[Round "10"]
[White "Mrdja, Milan"]
[Black "Sciortino, Massimo"]
[Result "0-1"]
[WhiteElo "2420"]
[BlackElo "2222"]
[PlyCount "82"]
[EventDate "2004.11.06"]

1. e4 c5 2. Nf3 d6 3. d4 cxd4 4. Nxd4 Nf6 5. f3 g6 6. Nc3 Bg7 7. Be3 Nc6 8. Qd2
O-O 9. g4 Nxd4 10. Bxd4 Be6 11. O-O-O Qa5 12. a3 Rfc8 13. h4 Rab8 14. Kb1 b5
15. Bxf6 Bxf6 16. Nd5 Qxd2 17. Nxf6+ Kg7 18. Ne8+ Rxe8 19. Rxd2 Kf6 20. g5+ Ke5
21. Bh3 b4 22. Bxe6 fxe6 23. axb4 Rxb4 24. c3 Rb3 25. Ka2 Reb8 26. h5 Kf4 27.
hxg6 hxg6 28. Rh3 Kxg5 29. Rg2+ Kf4 30. Rg4+ Ke3 31. Rg2 R3b5 32. Rhg3 g5 33.
c4 Ra5+ 34. Kb1 Rb4 35. Rxg5 Rxg5 36. Rxg5 Kxf3 37. Ra5 Kxe4 38. c5 dxc5 39.
Rxc5 Rb7 40. Kc2 Rd7 41. b4 e5 0-1

[Event "XI Torneo Internazionale"]
[Site "Montecatini Terme ITA"]
[Date "2004.11.13"]
[Round "10"]
[White "Naumkin, Igor"]
[Black "Kaps, Darja"]
[Result "0-1"]
[WhiteElo "2479"]
[BlackElo "2236"]
[PlyCount "62"]
[EventDate "2004.11.06"]

1. d4 Nf6 2. c4 g6 3. Nc3 Bg7 4. e4 d6 5. Nf3 O-O 6. Be2 e5 7. O-O Nc6 8. d5
Ne7 9. b4 a5 10. bxa5 Rxa5 11. a4 Nd7 12. Ba3 f5 13. Bb4 Ra8 14. Nd2 Nf6 15. f3
c5 16. Ba3 Bh6 17. Nb3 Be3+ 18. Kh1 f4 19. Bc1 Bxc1 20. Nxc1 g5 21. Nd3 h5 22.
Nf2 Rf7 23. Ra2 Rg7 24. Nb5 g4 25. fxg4 hxg4 26. g3 f3 27. Bd3 Rh7 28. Kg1 Nh5
29. a5 Ng6 30. Qc1 Nhf4 31. Nxd6 Qxd6 0-1

[Event "XI Torneo Internazionale"]
[Site "Montecatini Terme ITA"]
[Date "2004.11.14"]
[Round "11"]
[White "Kaps, Darja"]
[Black "Castaldo, Folco"]
[Result "1/2-1/2"]
[WhiteElo "2236"]
[BlackElo "2361"]
[PlyCount "20"]
[EventDate "2004.11.06"]

1. e4 e6 2. d4 d5 3. Nc3 dxe4 4. Nxe4 Nd7 5. Nf3 Ngf6 6. Bg5 Be7 7. Nxf6+ Bxf6
8. Bxf6 Qxf6 9. Bd3 O-O 10. O-O e5 1/2-1/2

[Event "XI Torneo Internazionale"]
[Site "Montecatini Terme ITA"]
[Date "2004.11.14"]
[Round "11"]
[White "Miladinovic, Igor"]
[Black "De Santis, Alessio"]
[Result "1-0"]
[WhiteElo "2611"]
[BlackElo "2268"]
[PlyCount "59"]
[EventDate "2004.11.06"]

1. d4 f5 2. h3 Nf6 3. g4 d5 4. c4 c6 5. Nc3 e6 6. Bg5 Be7 7. gxf5 exf5 8. Bxf6
Bxf6 9. cxd5 cxd5 10. Bg2 Nc6 11. e3 Be6 12. Nge2 g5 13. Qb3 Ne7 14. h4 h6 15.
Qxb7 Rb8 16. Qxa7 Rxb2 17. hxg5 Bxg5 18. Na4 Rxe2+ 19. Kxe2 f4 20. Nc5 Bf5 21.
Bh3 Bxh3 22. Rxh3 Qc8 23. Rf3 O-O 24. Qd7 Qb8 25. Rd1 Rf7 26. Qb7 Qd6 27. Qa6
Qc7 28. Rb1 Rf6 29. Qa8+ Rf8 30. Qxf8+ 1-0

[Event "XI Torneo Internazionale"]
[Site "Montecatini Terme ITA"]
[Date "2004.11.14"]
[Round "11"]
[White "Sozzi, Stefano"]
[Black "Djuric, Stefan"]
[Result "0-1"]
[WhiteElo "1521"]
[BlackElo "2479"]
[PlyCount "44"]
[EventDate "2004.11.06"]

1. e4 c5 2. Nf3 Nc6 3. d4 cxd4 4. Nxd4 Qc7 5. Be3 e6 6. Nc3 a6 7. Be2 Nf6 8.
O-O Bb4 9. Nxc6 bxc6 10. Bd3 d5 11. Qf3 Bd6 12. g3 Rb8 13. Rab1 O-O 14. Ne2 e5
15. Qg2 Bb7 16. Bg5 Nxe4 17. Bxe4 dxe4 18. Qxe4 c5 19. Qc4 h6 20. Be3 Bf3 21.
Nc3 Qc8 22. Qh4 Be7 0-1

[Event "XI Torneo Internazionale"]
[Site "Montecatini Terme ITA"]
[Date "2004.11.14"]
[Round "11"]
[White "Tocchioni, Doriano"]
[Black "Bontempi, Piero"]
[Result "1-0"]
[WhiteElo "2274"]
[BlackElo "2334"]
[PlyCount "59"]
[EventDate "2004.11.06"]

1. d4 d5 2. Nf3 Bf5 3. Bf4 e6 4. e3 c6 5. Nbd2 Nd7 6. Bd3 Ngf6 7. h3 Be7 8. O-O
O-O 9. Qe2 Ne4 10. c4 Bf6 11. Rfd1 Qe7 12. Rac1 Rfd8 13. Nb3 g5 14. Bc7 Rdc8
15. Bh2 g4 16. Ne5 g3 17. Bxg3 Nxg3 18. fxg3 Nxe5 19. dxe5 Bxe5 20. Bxf5 exf5
21. cxd5 cxd5 22. Rxc8+ Rxc8 23. Rxd5 Bxg3 24. Rxf5 Kf8 25. Rf3 Qe5 26. Qd3 h5
27. Qd7 Rc7 28. Qd8+ Kg7 29. Qd4 h4 30. Rxg3+ 1-0

[Event "IX Weekend Novembre"]
[Site "Nereto ITA"]
[Date "2004.11.07"]
[Round "4"]
[White "Bruno, Fabio"]
[Black "Naumkin, Igor"]
[Result "1-0"]
[WhiteElo "2368"]
[BlackElo "2479"]
[PlyCount "109"]
[EventDate "2004.11.05"]

1. d4 e6 2. Nf3 Nf6 3. e3 b6 4. Bd3 Bb7 5. Nbd2 c5 6. c3 Nc6 7. O-O Be7 8. Qe2
cxd4 9. exd4 O-O 10. Ne5 d6 11. Nxc6 Bxc6 12. f4 Qd7 13. Nf3 b5 14. Bd2 Rab8
15. Rae1 Rb7 16. f5 exf5 17. Nh4 g6 18. Nxf5 gxf5 19. Rxf5 Re8 20. Qf2 Bd8 21.
Rxe8+ Nxe8 22. Qg3+ Kh8 23. d5 Ng7 24. Bh6 Bb6+ 25. Kh1 f6 26. dxc6 Nxf5 27.
Qf3 Qd8 28. cxb7 Nxh6 29. b8=Q Qxb8 30. Qxf6+ Kg8 31. Qg5+ Kf7 32. Qxh6 a6 33.
Bxh7 Qf8 34. Bg6+ Ke7 35. Qxf8+ Kxf8 36. Be4 Be3 37. b3 Bd2 38. c4 bxc4 39.
bxc4 Kg7 40. Bb7 a5 41. a4 Kf6 42. g3 Ke5 43. Kg2 Bb4 44. Kf3 Bd2 45. Kg4 Be3
46. Kh5 Kf6 47. h4 Bf2 48. g4 Kg7 49. g5 Kf7 50. Bd5+ Ke7 51. Kg4 Be1 52. h5
Bd2 53. h6 Be3 54. Kh5 Bd2 55. g6 1-0

[Event "C.to Mondiale U18 femminile"]
[Site "Iraklio GRE"]
[Date "2004.11.05"]
[Round "2"]
[White "Ambrosi, Eleonora"]
[Black "Kadziolka, Beata"]
[Result "0-1"]
[WhiteElo "2099"]
[BlackElo "2301"]
[PlyCount "108"]
[EventDate "2004.11.04"]

1. d4 c5 2. e3 Nf6 3. Nf3 g6 4. Bd3 Bg7 5. c3 b6 6. e4 O-O 7. O-O cxd4 8. cxd4
d5 9. e5 Ne8 10. Qe2 Bg4 11. Nc3 Nc6 12. Be3 Nc7 13. Qd2 Bxf3 14. gxf3 f5 15.
Ne2 Ne6 16. Bb5 Rc8 17. Rac1 Nb8 18. Nf4 Nxf4 19. Bxf4 a6 20. Rxc8 Qxc8 21. Rc1
Qb7 22. Ba4 Rc8 23. Rxc8+ Qxc8 24. b4 b5 25. Bb3 e6 26. Bg5 Bf8 27. a3 Qc7 28.
Qc2 Qxc2 29. Bxc2 Nc6 30. Be3 h6 31. f4 Be7 32. Kf1 g5 33. fxg5 hxg5 34. f3 Kg7
35. Bd1 Kg6 36. Bf2 Bd8 37. Ke2 Bb6 38. Kd3 f4 39. Bc2 Kh5 40. Kc3 g4 41. Bh7
g3 42. hxg3 fxg3 43. Bxg3 Bxd4+ 44. Kb3 Bxe5 45. Bxe5 Nxe5 46. Bg8 Nxf3 47. Kc3
Ng5 48. Kd4 Kg6 49. Bxe6 Nxe6+ 50. Kxd5 Kf5 51. Kc6 Nd4+ 52. Kb6 Nc2 53. Kxa6
Nxa3 54. Kb6 Ke4 0-1

[Event "C.to Mondiale U18 femminile"]
[Site "Iraklio GRE"]
[Date "2004.11.06"]
[Round "4"]
[White "Ambrosi, Eleonora"]
[Black "Malysheva, Polina"]
[Result "0-1"]
[WhiteElo "2099"]
[BlackElo "2310"]
[PlyCount "124"]
[EventDate "2004.11.04"]

1. d4 d5 2. Nc3 Nf6 3. Bg5 Nbd7 4. Nf3 e6 5. e3 Be7 6. Bd3 O-O 7. O-O c5 8. Ne5
a6 9. Kh1 Qc7 10. f4 b5 11. Qf3 Re8 12. Qh3 Nf8 13. Rae1 b4 14. Nd1 c4 15. Be2
Ne4 16. Bh5 g6 17. Bxe7 Rxe7 18. Bf3 f6 19. Bxe4 fxe5 20. Bf3 exf4 21. exf4
Qxf4 22. Be4 Qg5 23. Bf3 Rf7 24. Re5 Qd8 25. Qg3 Raa7 26. Nf2 Kg7 27. Ng4 Rae7
28. Rfe1 Qb6 29. c3 bxc3 30. bxc3 Nd7 31. R5e3 Rf5 32. Qh4 Qd6 33. Nh6 Rf4 34.
Qg5 Nb6 35. g3 Rf8 36. h4 Nd7 37. Ng4 Nf6 38. Qh6+ Kg8 39. Ne5 Rg7 40. Qg5 Qa3
41. R1e2 Qc1+ 42. Re1 Qb2 43. R1e2 Qb1+ 44. Kg2 Ne4 45. Bxe4 Qf1+ 46. Kh2 dxe4
47. Ng4 e5 48. Nh6+ Kh8 49. g4 exd4 50. cxd4 Bb7 51. Qe5 c3 52. g5 Rf2+ 53.
Rxf2 Qxf2+ 54. Kh1 Qf8 55. d5 c2 56. Re1 e3 57. Qxe3 Bxd5+ 58. Kg1 Bg8 59. Rc1
Rc7 60. Qe2 Qc5+ 61. Kh2 Qd6+ 62. Kg1 Qg3+ 0-1

[Event "C.to Mondiale U14 femminile"]
[Site "Iraklio GRE"]
[Date "2004.11.04"]
[Round "1"]
[White "Ostroverkhova, Elena"]
[Black "Brunello, Roberta"]
[Result "1-0"]
[WhiteElo "2124"]
[BlackElo "1805"]
[PlyCount "33"]
[EventDate "2004.11.04"]

1. d4 d5 2. Nf3 Nf6 3. Bf4 Bf5 4. c4 e6 5. Qb3 Qc8 6. Nc3 c6 7. h3 h6 8. e3 Be7
9. Be2 O-O 10. O-O Nbd7 11. cxd5 exd5 12. Rac1 Nb6 13. a4 a5 14. Qxb6 Bb4 15.
Na2 Nd7 16. Qc7 Qe8 17. Nxb4 1-0

[Event "C.to Mondiale U18"]
[Site "Iraklio GRE"]
[Date "2004.11.06"]
[Round "3"]
[White "Ronchetti, Niccolo'"]
[Black "Iskakov, Aibek"]
[Result "0-1"]
[WhiteElo "2304"]
[BlackElo "2431"]
[PlyCount "86"]
[EventDate "2004.11.04"]

1. e4 e5 2. Nf3 Nc6 3. Bb5 g6 4. O-O Bg7 5. c3 Nge7 6. d4 exd4 7. cxd4 d5 8.
exd5 Nxd5 9. Re1+ Be6 10. Ne5 O-O 11. Nxc6 bxc6 12. Bxc6 Rb8 13. Nc3 Nb4 14.
Be4 Qxd4 15. Qxd4 Bxd4 16. Bf4 Nxa2 17. Nd1 Bb6 18. h4 Rfd8 19. Ne3 Rd2 20. Ng4
Rxb2 21. Be5 Rd2 22. Nf6+ Kf8 23. Nxh7+ Kg8 24. Nf6+ Kf8 25. Nh7+ Ke8 26. Bg3
Bd4 27. Bc6+ Ke7 28. Rad1 Rxd1 29. Rxd1 Nc3 30. Rd2 Rb6 31. Bf3 c5 32. Ng5 a5
33. Nxe6 Kxe6 34. Bc7 Rb1+ 35. Kh2 a4 36. Ba5 a3 37. Rc2 Rb2 38. Rc1 a2 39.
Re1+ Kd6 40. Ra1 Rb1 41. Bxc3 Rxa1 42. Bxa1 Bxa1 43. Bd1 Be5+ 0-1

[Event "C.to Mondiale U18"]
[Site "Iraklio GRE"]
[Date "2004.11.07"]
[Round "5"]
[White "Ronchetti, Niccolo'"]
[Black "Nepomniachtchi, Ian"]
[Result "0-1"]
[WhiteElo "2304"]
[BlackElo "2492"]
[PlyCount "62"]
[EventDate "2004.11.04"]

1. e4 c5 2. Nf3 d6 3. d4 cxd4 4. Nxd4 Nf6 5. Nc3 a6 6. Bc4 e6 7. Bb3 Nbd7 8. f4
Nc5 9. Qf3 Be7 10. Be3 O-O 11. O-O-O Qc7 12. f5 b5 13. fxe6 fxe6 14. Qh3 Nxb3+
15. axb3 b4 16. Nxe6 Qa5 17. Nd5 Nxd5 18. exd5 Qa1+ 19. Kd2 Qxb2 20. Qg4 Bxe6
21. Qxe6+ Kh8 22. Qxe7 Rfe8 23. Qd7 Qc3+ 24. Kc1 Rac8 25. Qf5 Rxe3 26. Rhf1 h6
27. Rf2 a5 28. Rdf1 Rce8 29. Rd1 Re1 30. Qf3 Rxd1+ 31. Qxd1 Re1 0-1

[Event "C.to Mondiale U18"]
[Site "Iraklio GRE"]
[Date "2004.11.10"]
[Round "7"]
[White "Ronchetti, Niccolo'"]
[Black "Romanov, Evgeny"]
[Result "1-0"]
[WhiteElo "2304"]
[BlackElo "2448"]
[PlyCount "90"]
[EventDate "2004.11.04"]

1. e4 d6 2. d4 Nf6 3. Nc3 g6 4. f4 Bg7 5. Nf3 c5 6. Bb5+ Bd7 7. e5 Ng4 8. e6
Bxb5 9. exf7+ Kd7 10. Nxb5 Qa5+ 11. Nc3 cxd4 12. Nxd4 h5 13. h3 Nc6 14. Nde2
Nh6 15. Be3 Nf5 16. Qd2 Raf8 17. O-O-O h4 18. Kb1 Rxf7 19. Ne4 Qb5 20. b3 Kc8
21. c4 Qa6 22. Ng5 Rf6 23. Nc3 Ng3 24. Rhe1 Rf5 25. Bf2 Ra5 26. Nd5 Ra3 27.
Bxg3 hxg3 28. Ne6 Rh7 29. Re3 Bh8 30. Rxg3 b5 31. Nec7 Qb7 32. Nxb5 Ra5 33.
Rxg6 a6 34. Nbc3 Ra3 35. Qf2 Rg7 36. Re6 Rg8 37. g4 Re8 38. Qb6 Qd7 39. Qe3 Qb7
40. Nb6+ Kb8 41. Rdxd6 Nd8 42. Rxd8+ Rxd8 43. Nbd5 Ka8 44. Rxe7 Bd4 45. Qe4
Rxb3+ 1-0

[Event "C.to Mondiale U18"]
[Site "Iraklio GRE"]
[Date "2004.11.10"]
[Round "8"]
[White "Gerzhoy, Leonid"]
[Black "Ronchetti, Niccolo'"]
[Result "0-1"]
[WhiteElo "2372"]
[BlackElo "2304"]
[PlyCount "172"]
[EventDate "2004.11.04"]

1. d4 d5 2. c4 c6 3. Nc3 Nf6 4. e3 Bg4 5. Qb3 Qb6 6. cxd5 Qxb3 7. axb3 Nxd5 8.
f3 Bd7 9. Bd2 Nb4 10. Kd1 Be6 11. Ra3 f6 12. Ne4 N8a6 13. Bc4 Bf7 14. Nh3 e6
15. Nf4 Nc7 16. Nc5 Bxc5 17. dxc5 Nbd5 18. Nd3 e5 19. Ke2 O-O 20. Nf2 f5 21. e4
fxe4 22. Nxe4 Ne6 23. b4 Nd4+ 24. Kf2 Bg6 25. Nd6 e4 26. Nxb7 Nc2 27. Rb3 Nd4
28. Rc3 Rab8 29. Nd6 exf3 30. gxf3 Bh5 31. f4 Rxb4 32. b3 Rxc4 33. Rxc4 Nxb3
34. Be3 a5 35. Rb1 Rb8 36. Rb2 h6 37. Ra4 Nc3 38. Ra1 Nd1+ 39. Rxd1 Bxd1 40.
Nc4 Rb5 41. Ke1 Bf3 42. Na3 Rb4 43. Nc2 Rb7 44. Nd4 Bd5 45. Nxb3 Bxb3 46. Kd2
a4 47. Kc3 Ra7 48. Kb4 Re7 49. Bd2 Kf7 50. Ka3 Re4 51. Bc1 Re1 52. Bd2 Rf1 53.
Be3 Rf3 54. Re2 Ke6 55. Kb4 Kf5 56. Bc1 Kf6 57. Bb2+ Kf7 58. Be5 g6 59. Rd2 Re3
60. Rd7+ Ke8 61. Rd6 g5 62. Rxc6 gxf4 63. Bd4 Re4 64. Kc3 Re6 65. Rc8+ Kd7 66.
Rf8 Re2 67. h4 Be6 68. Rxf4 a3 69. Kd3 Re1 70. Kd2 Rh1 71. Rf3 Rxh4 72. Bf6
Rh2+ 73. Kc3 a2 74. Kb4 Rh1 75. Rd3+ Kc8 76. Ra3 Rb1+ 77. Ka5 Kc7 78. Be5+ Kc6
79. Bd4 h5 80. Ka6 h4 81. Ka7 Bd5 82. Ra6+ Kc7 83. Be5+ Kc8 84. Ra3 Rb3 85. Ra5
Rb7+ 86. Ka6 Bc4+ 0-1

[Event "C.to Mondiale U18"]
[Site "Iraklio GRE"]
[Date "2004.11.11"]
[Round "9"]
[White "Erdos, Viktor"]
[Black "Ronchetti, Niccolo'"]
[Result "1/2-1/2"]
[WhiteElo "2450"]
[BlackElo "2304"]
[PlyCount "51"]
[EventDate "2004.11.04"]

1. d4 d5 2. c4 c6 3. Nf3 Nf6 4. Nc3 dxc4 5. a4 Bf5 6. Ne5 Nbd7 7. Nxc4 Qc7 8.
g3 e5 9. dxe5 Nxe5 10. Bf4 Nfd7 11. Bg2 g5 12. Bxe5 Nxe5 13. Qd4 f6 14. O-O-O
Be7 15. Ne4 O-O 16. Nxg5 b5 17. Nxe5 fxe5 18. Qe3 bxa4 19. Be4 a3 20. Bxf5 Rxf5
21. Ne4 Rb8 22. bxa3 Qa5 23. Rd3 Qb5 24. Kd2 Qa5+ 25. Kc1 Qb5 26. Kd2 1/2-1/2